000 00801nam a2200265Ia 4500
003 OSt
005 20220927110420.0
006 a|||||r|||| 00| 0
007 ta
008 220926b |||||||| |||| 00| 0 eng d
024 _a115476
037 _cReports
040 _aRTL
_cRTL
_beng
041 _2eng
_aeng
082 _a"L:573.438:Nt4, GD"
100 _aGale U Maung
_9378111
110 _a"Burma, Medical and Public Health (Dept of-)"
_9378112
245 0 _aReports on the dietary and nutitional surveys conducted in certain areas of Burma
260 _aRangoon
_c1928
300 _a159p.
_ccm.
650 _aMedicine
700 _a"Burma, Medical and Public Health (Dept of-)"
_9378113
942 _h"L:573.438:Nt4, GD"
_cCC
999 _c696619
_d696619